000 01438cam a2200385 a 4500
001 3969372
003 OSt
005 20140310182647.0
008 931021s1993 flua 000 0 eng d
010 _a 94178730
020 _a155874262X (pbk.) :
_c$12.00
035 _a(OCoLC)29153134
040 _aViVb
_cViVb
_dOCl
_dDLC
042 _alccopycat
050 0 0 _aBL 624
_b.C222 1995
082 0 0 _aM 158.12
_bC16 1995
082 0 0 _aM 158.12
_bC16 1993
245 0 0 _aChicken soup for the soul
_b101 stories to open the heart & rekindle the spirit
_c[compiled by] Jack Canfield and Mark Victor Hansen
260 _aDeerfield Beach, FL
_bHealth Communications
_cc1995
_cc1993
300 _a 309 p.
_bill.
_c22 cm.
521 _aHigh School to College Students
526 _c0L to 1700L
541 _j1
541 _j2
562 _e2
650 0 _aSpiritual life.
700 1 _aCanfield, Jack,
_d1944-
700 1 _aHansen, Mark Victor.
856 4 2 _3Publisher description
_uhttp://www.loc.gov/catdir/enhancements/fy0727/94178730-d.html
856 4 1 _3Sample text
_uhttp://www.loc.gov/catdir/enhancements/fy0727/94178730-s.html
856 4 2 _3Contributor biographical information
_uhttp://www.loc.gov/catdir/enhancements/fy0735/94178730-b.html
906 _a7
_bcbc
_ccopycat
_d3
_encip
_f19
_gy-gencatlg
942 _2lcc
_cBK
_kM
999 _c15068
_d15068